000 01064nam a22002777a 4500
003 OSt
005 20260601171015.0
008 260507b2008\\\\-ge\||||\||||\00|\0\eng\d
020 _a9783764386672
040 _aICI
_bspa
_cICI
050 _aNA9053.H76
_bD47 2008
245 _aDesigning public :
_bPerspektiven für die Öffentlichkeit = Perspectives for the public /
_cMichael Erlhoff, Philipp Heidkamp, Iris Utikal, editors.
246 3 _aPerspectives for the public
300 _a207 páginas :
_bilustraciones a color ;
650 _aPublic spaces
_xSocial aspects.
_933859
650 _aArchitecture
_xHuman factors.
_933860
650 _aDesign
_xHuman factors.
650 _aEspacios públicos
_xAspectos sociales.
_933862
650 _aArquitectura
_xFactores humanos.
_93247
650 _aDiseño
_xFactores humanos.
700 1 _aErlhoff, Michael,
_d1946-2021,
_eeditor.
_933864
700 1 _aHeidkamp, Philipp,
_eeditor.
_933865
700 1 _aUtikal, Iris,
_eeditor.
_933866
710 2 _aKöln International School of Design.
_933867
942 _2lcc
_cB
_n1
999 _c20672
_d20672